LEADER 01185nam a2200241 u 4500 001 000000030752 003 CaOOAMICUS 005 20070226112049.0 008 970922s1910 au u000 u lat u 035 $a10770002 040 $aPUL(R)$bita 100 1 $aHetzenauer, Michael,$cO.F.M.Cap.,$d1860-1928.$0(OLS)http://pul/name/1560 245 10$aIntroductio in librum Genesis :$bin qua etiam de authentia Pentateuchi necnon de inspiratione et interpretatione scripturae agitur /$cscripsit P. Michael Hetzenauer, O.C. .. 246 15$aCommentarius in librum Genesis 260 $aGraecii :$bsumptus fecit "Styria",$c1910. 300 $a120 p. ;$c24 cm 850 $aPUL 852 $aPUL$W1$xDP2 Religione 1$y63$m1 F 8$j42505$nBK-PRI$qStampati$B42505$CPULBib$Z2$F42505 $H71242 $82 941 1 $a8 961 $aINV: 71242 996 $6245$aIntroductio in librum Genesis :$bin qua etiam de authentia Pentateuchi necnon de inspiratione et interpretatione scripturae agitur$9(OLS)http://pul/title/42247 996 $6246$aCommentarius in librum Genesis$9(OLS)http://pul/title/42248 996 $6260$aGraecii :$bsumptus fecit "Styria"$9(OLS)http://pul/publisher/60764 LEADER 01413nam a2200325 u 4500 001 000000031388 003 CaOOAMICUS 005 20070226112132.0 008 971002s1992 it u000 u ita u 020 $a8837214723 035 $a10771197 040 $aPUL(R)$bita 100 1 $aBidussa, David.$0(OLS)http://pul/name/25070 245 10$aOltre il ghetto :$bmonumenti e figure della cultura ebraica in Italia tra l'Unità e il fascismo /$cintroduzione di Luisa Mangoni. 260 $aBrescia :$bMorcelliana,$c1992. 300 $a289 p. ;$c20 cm 490 1 $aAttendendo l'aurora 500 $aContiene indici. 500 $aIn testa al front.: David Bidussa, Amos Luzzatto, Gadi Luzzatto Voghera. 504 $aBibliografia in nota. 700 1 $aLuzzatto Voghera, Gadi.$0(OLS)http://pul/name/25072 700 1 $aLuzzatto, Amos.$0(OLS)http://pul/name/25071 830 0$aAttendendo l'aurora.$0(OLS)http://pul/title/43164 850 $aPUL 852 $aPUL$W1$xSL Religione 1$y3$m7(1) C 72$j43352$nBK-PRI$b $qStampati$B43352$CPULBib$Z2$F43352 $H $81 941 1 $a8 961 $aINV: 69952 996 $6020$a8837214723$9(OLS)http://pul/number/39375 996 $6245$aOltre il ghetto :$bmonumenti e figure della cultura ebraica in Italia tra l'Unità e il fascismo$9(OLS)http://pul/title/43163 996 $6260$aBrescia :$bMorcelliana$9(OLS)http://pul/publisher/47854